LEADER 01132nam a2200241 i 4500 001 000000051818 003 CaOOAMICUS 005 20130227000000.0 008 130227s1888 xx u000 u ger u 013 $a22990 040 $aSeMil$bita 100 1 $aKeller, Joseph Anton,$d<1840-1916>.$0(OLS)http://semarc/name/25595 245 10$aZweihundertachtzig interessante Zeit- und Sittenbilder :$bein Beitrag zur Kulturgeschichte des 19. Jahrhunderts /$cvon Joseph Anton Keller. 260 $aMainz :$bFranz Kirchheim,$c1888. 300 $aXVIII, 488 p. ;$c15 cm. 500 $aNota ms. di possesso autografa di A. Ratti (Pio XI) sul front. e in cop. 650 4$aCultura - Sec. 19.$0(OLS)http://semarc/subject/10664 850 $aSeMil 852 $aSeMil$W1$xVenegono$y1$m2G I 61 FA/RATTI$j17973$B17973$CSeMilBibl$Z2$F17974 $8B 941 1 $a11 961 $aRecupero: Ratti, Achille (Pio XI) 996 $6245$aZweihundertachtzig interessante Zeit- und Sittenbilder :$bein Beitrag zur Kulturgeschichte des 19. Jahrhunderts$9(OLS)http://semarc/title/79434 996 $6260$aMainz :$bFranz Kirchheim$9(OLS)http://semarc/publisher/41379 LEADER 01154nam a2200277 i 4500 001 000000090270 003 CaOOAMICUS 005 20171129000000.0 008 171129s2017 it u000 u ita u 013 $a62512 020 $a978-88-7955-394-0 040 $aSeMil$bita 100 1 $aCenedella, Cristina.$0(OLS)http://semarc/name/19735 245 10$aNoi Martinitt :$bstorie e racconti tra due secoli /$cCristina Cenedella, Gianfranco Gandini. 260 $aMilano :$bMeravigli,$c2017. 300 $a158 p. :$bill. ;$c22 cm. 490 0 $aScorci e memorie 650 4$aMilano - Martinitt.$0(OLS)http://semarc/subject/6923 700 1 $aGandini, Gianfranco.$0(OLS)http://semarc/name/92381 830 0$aScorci e memorie.$0(OLS)http://semarc/title/402041 850 $aSeMil 852 $aSeMil$W1$xVenegono$y1$m3O I 170$j53238$B53238$CSeMilBibl$Z2$F57871 $81 961 $aOmaggio: Delpini mons. Mario 996 $6020$a978-88-7955-394-0$9(OLS)http://semarc/number/272035 996 $6245$aNoi Martinitt :$bstorie e racconti tra due secoli$9(OLS)http://semarc/title/406031 996 $6260$aMilano :$bMeravigli$9(OLS)http://semarc/publisher/56184